2025 NCAA Wrestling All Americans Prediction - Statistics

General Stats
  • This quiz has been taken 81 times
  • The average score is 25 of 80
Answer Stats
College Weight Answer Placement % Correct
Purdue 125 Matt Ramos 1st Place
96%
Iowa 133 Drake Ayala 3rd Place
80%
Ohio State 141 Jesse Mendez 1st Place
78%
Penn State 125 Luke Lilledahl 3rd Place
69%
Lehigh 133 Ryan Crookham 1st Place
67%
Illinois 133 Lucas Byrd 5th Place
64%
Nebraska 149 Ridge Lovett 2nd Place
64%
Oklahoma State 125 Troy Spratley 5th Place
64%
NC State 125 Vincent Robinson 2nd Place
64%
Penn State 141 Beau Bartlett 2nd Place
62%
Virginia Tech 149 Caleb Henson 1st Place
62%
Nebraska 141 Brock Hardy 5th Place
60%
Penn State 149 Shayne Van Ness 3rd Place
60%
Northern Colorado 141 Andrew Alirez 3rd Place
58%
Little Rock 133 Nasir Bailey 6th Place
53%
Penn State 184 Carter Starocci 1st Place
51%
Penn State 174 Levi Haines 1st Place
49%
Cornell 157 Meyer Shapiro 1st Place
49%
Penn State 165 Mitchell Mesenbrink 1st Place
49%
Penn State 157 Tyler Kasak 2nd Place
49%
Iowa State 133 Evan Frost 7th Place
47%
Iowa 149 Kyle Parco 5th Place
47%
Iowa 165 Michael Caliendo 2nd Place
47%
West Virginia 125 Jett Strickenberger 7th Place
44%
Iowa 157 Jacori Teemer 3rd Place
42%
Northern Iowa 141 Cael Happel 4th Place
38%
Virginia Tech 125 Eddie Ventresca 4th Place
38%
Missouri 174 Keegan OToole 2nd Place
38%
Minnesota 285 Gable Steveson 1st Place
36%
Penn State 197 Josh Barr 3rd Place
36%
CSU Bakersfield 197 AJ Ferrari 4th Place
33%
Iowa 184 Gabe Arnold 5th Place
33%
Cal Poly 133 Zeth Romney 2nd Place
33%
Oklahoma State 174 Dean Hamiti 5th Place
29%
Northern Iowa 184 Parker Keckeisen 2nd Place
29%
Northern Iowa 157 Ryder Downey 4th Place
29%
Stanford 133 Tyler Knox 4th Place
29%
Oklahoma State 184 Dustin Plott 4th Place
27%
Purdue 157 Joey Blaze 5th Place
27%
Oklahoma State 141 Tagen Jamison 6th Place
27%
Rutgers 133 Dylan Shawver 8th Place
24%
Iowa 197 Stephen Buchanan 1st Place
24%
Minnesota 125 Cooper Flynn 6th Place
22%
Penn State 285 Greg Kerkvliet 2nd Place
22%
Stanford 165 Hunter Garvin 5th Place
22%
Iowa 174 Patrick Kennedy 3rd Place
22%
Michigan 141 Sergio Lemley 7th Place
22%
Oklahoma State 285 Wyatt Hendrickson 3rd Place
22%
Oklahoma State 165 Cameron Amine 7th Place
20%
West Virginia 165 Peyton Hall 4th Place
20%
Nebraska 184 Silas Allred 7th Place
20%
Utah Valley 165 Terrell Barraclough 3rd Place
20%
Cal Poly 149 Chance Lamer 4th Place
18%
Iowa State 157 Cody Chittum 8th Place
18%
Arizona State 285 Cohlton Schultz 8th Place
18%
North Carolina 149 Lachlan McNeil 7th Place
18%
Michigan 197 Jacob Cardenas 2nd Place
16%
Minnesota 184 Max McEnelly 3rd Place
16%
Oregon State 197 Trey Munoz 5th Place
16%
Oregon State 125 Maximo Renteria 8th Place
13%
Iowa 285 Ben Kueter 6th Place
11%
Ohio State 174 Carson Kharchla 6th Place
11%
Cornell 184 Chris Foca 6th Place
11%
Illinois 184 Edmond Ruth 8th Place
9%
Stanford 149 Jaden Abas 6th Place
9%
Cornell 165 Julian Ramirez 6th Place
9%
Ohio State 285 Nick Feldman 4th Place
9%
Ohio 157 Peyten Kellar 6th Place
9%
Virginia Tech 157 Rafael Hipolito 7th Place
9%
Virginia Tech 141 Sam Latona 8th Place
9%
Little Rock 197 Stephen Little 7th Place
9%
Oklahoma State 197 Luke Surber 8th Place
7%
Lehigh 197 Michael Beard 6th Place
7%
Binghamton 174 Brevin Cassella 8th Place
4%
Oklahoma 174 Gaven Sax 7th Place
4%
NC State 285 Isaac Trumble 5th Place
2%
Stanford 174 Lorenzo Norman 4th Place
2%
Lehigh 285 Owen Trephan 7th Place
2%
South Dakota State 165 Drake Rhodes 8th Place
0%
Princeton 149 Ty Whelan 8th Place
0%
No matching quizzes found
Score Distribution
Percent of People with Each Score
Percentile by Number Answered
Your Score History
You have not taken this quiz